Statistics for US states containing specific letters #1

Click here to take the quiz!

General Stats

  • This quiz has been taken 34 times
  • The average score is 28 of 37

Answer Stats

AmountContainingU.S. State% Correct
2ALAAlabama/Alaska
100%
2ASKAlaska/Nebraska
100%
2AWADelaware/Hawaii
92%
2ANDMaryland/Rhode Island
92%
1HIOOhio
92%
2CONConnecticut/Wisconsin
88%
3ANAIndiana/Louisiana/Montana
88%
2MINMinnesota/Wyoming
88%
3SOUMissouri/South Carolina/South Dakota
88%
2MONMontana/Vermont
88%
4NEWNew Hampshire/New Jersey/New Mexico/New York
88%
2ENNPennsylvania/Tennessee
88%
1EXATexas
88%
1TAHUtah
88%
2LORColorado/Florida
84%
1EORGeorgia
84%
1DAHIdaho
84%
1AINMaine
84%
1SIPMississippi
84%
1EVANevada
84%
4NIACalifornia/Pennsylvania/Virginia/West Virginia
80%
1GONOregon
80%
1ECTConnecticut
76%
1OWAIowa
76%
1LIFCalifornia
72%
3OTAMinnesota/North Dakota/South Dakota
72%
1GTOWashington
68%
1CHIMichigan
64%
1ODERhode Island
64%
1ENTKentucky
60%
2NSAArkansas/Kansas
56%
1ONAArizona
48%
2ROLNorth Carolina/South Carolina
48%
2INIVirginia/West Virginia
48%
1ETTMassachusetts
44%
1LAHOklahoma
44%
1INOIllinois
36%

Score Distribution

Percentile by Number Answered

Percent of People with Each Score

Your Score History

You have not taken this quiz